[Event "MNT-chT1"]
[Site "Bar"]
[Date "2015.09.27"]
[Round "2"]
[White "Tomic, Aleksandar Lj"]
[Black "Draganic, Veljko"]
[Result "1/2-1/2"]
[WhiteElo "2298"]
[BlackElo "2375"]
[PlyCount "101"]
[EventDate "2015.09.26"]
[EventType "team-tourn"]
[EventRounds "9"]
[EventCountry "MNE"]
[SourceTitle "EXT 2017"]
[Source "ChessBase"]
[SourceDate "2016.10.25"]
[SourceVersion "1"]
[SourceVersionDate "2016.10.25"]
[SourceQuality "1"]

1. d4 d5 2. Nf3 c6 3. Bf4 Bf5 4. e3 Qb6 5. Qc1 Nf6 6. c4 Nbd7 7. Nc3 dxc4 8. Bxc4 e6 9. 0-0 Be7 10. h3 h6 11. Re1 Ne4 12. Nd2 Ndf6 13. f3 Nxd2 14. Qxd2 Rd8 15. Rad1 0-0 16. a3 c5 17. Na4 Qc6 18. Qa5 b6 19. Qxa7 Bc2 20. Nxb6 Bxd1 21. Qxe7 Qxb6 22. Bc7 Qxb2 23. Bxd8 Qd2 24. Kf1 Qc2 25. Bb5 Qb3 26. a4 Nd5 27. Qd6 cxd4 28. exd4 Bc2 29. Kg1 Qc3 30. Bh4 Bxa4 31. Bxa4 Qxd4+ 32. Bf2 Qxa4 33. Re4 Qc2 34. Bd4 Qc1+ 35. Kh2 Qc7 36. Qxc7 Nxc7 37. h4 h5 38. Kg3 Nd5 39. Re5 g6 40. Re1 Re8 41. Kh2 f6 42. g4 Kf7 43. g5 e5 44. Ba1 Nf4 45. Kg3 Re6 46. gxf6 Nd3 47. Re3 Rd6 48. Bxe5 Nxe5 49. Rxe5 Kxf6 50. Ra5 Rb6 51. Rc5 1/2-1/2

[Event "MNT-ch sf"]
[Site "Podgorica"]
[Date "2014.07.25"]
[Round "3"]
[White "Draganic, Veljko"]
[Black "Tomic, Aleksandar Lj"]
[Result "1/2-1/2"]
[WhiteElo "2263"]
[BlackElo "2019"]
[PlyCount "150"]
[EventDate "2014.07.24"]
[EventType "swiss"]
[EventRounds "7"]
[EventCountry "MNE"]
[SourceTitle "CBM 161 Extra"]
[Source "ChessBase"]
[SourceDate "2014.08.29"]
[SourceVersion "1"]
[SourceVersionDate "2014.08.29"]
[SourceQuality "1"]

1. e4 d6 2. f4 c5 3. Nf3 Nf6 4. Nc3 Bg4 5. Bb5+ Nfd7 6. 0-0 a6 7. Bc4 e6 8. h3 Bxf3 9. Qxf3 Nc6 10. d3 Nd4 11. Qf2 b5 12. Bb3 a5 13. a4 b4 14. Nb5 Nxb3 15. cxb3 Be7 16. Be3 0-0 17. d4 Nf6 18. e5 Ne4 19. Qc2 d5 20. Rac1 Qd7 21. Qd3 Rfc8 22. dxc5 Bxc5 23. Bxc5 Nxc5 24. Qe3 Ne4 25. Rxc8+ Rxc8 26. Rd1 Qc6 27. Nd4 Qc7 28. Kh2 g6 29. Qe2 Qe7 30. Qa6 Rc5 31. Qe2 Qh4 32. Qf3 Qf2 33. Qxf2 Nxf2 34. Rd2 Ne4 35. Rd1 Kf8 36. g4 Ke7 37. Kg2 f6 38. exf6+ Kxf6 39. Kf3 h6 40. h4 h5 41. g5+ Ke7 42. Ke3 Ng3 43. Rg1 Ne4 44. Rg2 Nd6 45. Re2 Ne4 46. Nf3 Rc1 47. Ne5 Rh1 48. Nxg6+ Kd6 49. Ne5 Ng3 50. Rg2 Nf5+ 51. Kd2 Rxh4 52. Nd3 Rh1 53. g6 Ng7 54. Ne5 h4 55. Rg4 Ke7 56. Nf3 h3 57. Rh4 Kf6 58. Ne5 h2 59. Ng4+ Kxg6 60. Rxh2 Rxh2+ 61. Nxh2 Kf5 62. Ke3 Nh5 63. Nf3 Nxf4 64. Nd4+ Kg4 65. Nc6 Kf5 66. Nxa5 e5 67. Nc6 Ke6 68. Nxb4 d4+ 69. Ke4 Nh5 70. a5 Nf6+ 71. Kd3 Nd5 72. Nc6 Kd6 73. Nxd4 exd4 74. Kxd4 Nc7 75. Kc4 Kc6 1/2-1/2

[Event "MNT-ch 65th"]
[Site "Cetinje"]
[Date "2013.07.25"]
[Round "6"]
[White "Batricevic, Jovo"]
[Black "Tomic, Aleksandar Lj"]
[Result "1/2-1/2"]
[WhiteElo "2166"]
[BlackElo "1970"]
[PlyCount "79"]
[EventDate "2013.07.20"]
[EventType "swiss"]
[EventRounds "9"]
[EventCountry "MNE"]
[SourceTitle "CBM 155 Extra"]
[Source "ChessBase"]
[SourceDate "2013.08.26"]
[SourceVersion "1"]
[SourceVersionDate "2013.08.26"]
[SourceQuality "1"]

1. e4 d6 2. d4 Nf6 3. Nc3 e5 4. Nf3 Nbd7 5. Bc4 Be7 6. 0-0 0-0 7. Re1 c6 8. a4 b6 9. h3 a6 10. b3 Rb8 11. Bf1 Re8 12. Bb2 Qc7 13. Qd3 Nf8 14. Ne2 Ng6 15. Ng3 Bf8 16. Qc3 Qb7 17. Qe3 Bd7 18. Rad1 h6 19. Bd3 b5 20. axb5 axb5 21. Ra1 c5 22. dxe5 dxe5 23. Ra2 Qc8 24. c4 bxc4 25. Bxc4 Bb5 26. Nf5 Bxc4 27. bxc4 Rb4 28. Nd2 Qd7 29. Bc3 Rb7 30. Ra6 Re6 31. Ra8 Re8 32. Rea1 Rxa8 33. Rxa8 Ra7 34. Rxa7 Qxa7 35. Qg3 Qd7 36. Qf3 Ne8 37. Kh2 Nc7 38. Qg3 Ne6 39. Nf3 Qd3 40. Nxe5 1/2-1/2

[Event "MNT-ch 65th"]
[Site "Cetinje"]
[Date "2013.07.21"]
[Round "2"]
[White "Lakusic, Zoran"]
[Black "Tomic, Aleksandar Lj"]
[Result "0-1"]
[WhiteElo "1649"]
[BlackElo "1970"]
[PlyCount "74"]
[EventDate "2013.07.20"]
[EventType "swiss"]
[EventRounds "9"]
[EventCountry "MNE"]
[SourceTitle "CBM 155 Extra"]
[Source "ChessBase"]
[SourceDate "2013.08.26"]
[SourceVersion "1"]
[SourceVersionDate "2013.08.26"]
[SourceQuality "1"]

1. e4 d5 2. exd5 Qxd5 3. c4 Qa5 4. Nf3 Nc6 5. Nc3 Bf5 6. Nh4 0-0-0 7. Nd5 e6 8. Nxf5 exd5 9. cxd5 Nb4 10. Bc4 Nf6 11. 0-0 g6 12. Ne3 Nbxd5 13. Qb3 c6 14. Rd1 Nxe3 15. dxe3 Bb4 16. g3 Rxd1+ 17. Qxd1 Rd8 18. Qf3 Be7 19. Qe2 Qf5 20. Bd2 Ne4 21. Be1 Ng5 22. Rc1 Qe4 23. f3 Nxf3+ 24. Kf2 Nxh2 25. Ba5 Qf5+ 26. Kg2 Qxa5 27. Rc2 f5 28. Kxh2 Qe5 29. Qf3 Bd6 30. a4 Bc7 31. b4 h5 32. b5 h4 33. bxc6 hxg3+ 34. Kg2 Rh8 35. cxb7+ Kb8 36. Qd1 Rh2+ 37. Kf3 Qe4# 0-1